000
00341pam a2200157a 44500
008
230515b1979 xxu||||| |||| 00| 0 eng d
020
_a
NULL
041
_a
ENGLISH
082
_a
630
100
_a
2392-1963
245
_a
SIZES FOR GENERAL PURPOSE LATHES
250
_a
0
260
_a
DELHI
_b
ISI
_c
1979
300
_a
23
650
_a
NULL
999
_c
652067
_d
652067